[Event "TH-S-1181"]
[Site "IECC email"]
[Date "2019.12.02"]
[Round "?"]
[White "Beatty, Vincent"]
[Black "Houglan, Rob"]
[Result "1/2-1/2"]
[WhiteElo "1120"]
[BlackElo "1039"]
[PlyCount "55"]
[EventDate "2019.??.??"]
[EventType "tourn (corr)"]
[SourceTitle "Corr 2024"]
[Source "ChessBase"]
[SourceDate "2023.10.19"]
[SourceVersion "1"]
[SourceVersionDate "2023.10.19"]
[SourceQuality "1"]
[WhiteTeam "Vereinigte Staaten"]
[BlackTeam "Vereinigte Staaten"]
[WhiteTeamCountry "USA"]
[BlackTeamCountry "USA"]

1. d4 d5 2. c4 Nc6 3. Nf3 Bg4 4. e3 e6 5. Be2 Nf6 6. Nc3 Bb4 7. Bd2 0-0 8. 0-0 Re8 9. Ne5 Nxe5 10. dxe5 Bxc3 11. exf6 Bxe2 12. Qxe2 Bxb2 13. Rab1 Bxf6 14. Rxb7 c5 15. Rfb1 dxc4 16. Rc1 Qd5 17. Rbb1 c3 18. Bxc3 Bxc3 19. Rxc3 Rab8 20. Rcb3 Rxb3 21. axb3 Rb8 22. Qc2 g6 23. e4 Qc6 24. Qc4 Rb4 25. Qc2 Qxe4 26. Qxe4 Rxe4 27. Kf1 Rb4 28. Ra1 1/2-1/2

[Event "TH-S-1164"]
[Site "IECC email"]
[Date "2019.08.07"]
[Round "?"]
[White "Shavor, Gregg"]
[Black "Beatty, Vincent"]
[Result "1-0"]
[WhiteElo "1220"]
[BlackElo "1131"]
[PlyCount "33"]
[EventDate "2019.??.??"]
[EventType "tourn (corr)"]
[SourceTitle "Corr 2020"]
[Source "ChessBase"]
[SourceDate "2019.09.30"]
[SourceVersion "1"]
[SourceVersionDate "2019.09.30"]
[SourceQuality "1"]
[WhiteTeam "United States"]
[BlackTeam "United States"]
[WhiteTeamCountry "USA"]
[BlackTeamCountry "USA"]

1. e4 e5 2. Nf3 Nc6 3. Bb5 Nf6 4. d3 d6 5. 0-0 Bg4 6. h3 Bd7 7. c3 Be7 8. Re1 0-0 9. Ba4 Qc8 10. Be3 Bxh3 11. gxh3 Qxh3 12. Nh2 Qc8 13. Nd2 g6 14. Bh6 Re8 15. Qf3 Qe6 16. Bb3 d5 17. exd5 1-0

[Event "TH-S-1101"]
[Site "IECC email"]
[Date "2018.12.06"]
[Round "?"]
[White "Beatty, Vincent"]
[Black "Klawitter, Bernd"]
[Result "1/2-1/2"]
[WhiteElo "1124"]
[BlackElo "1161"]
[PlyCount "38"]
[EventDate "2018.??.??"]
[EventType "tourn (corr)"]
[SourceTitle "Corr 2024"]
[Source "ChessBase"]
[SourceDate "2023.10.19"]
[SourceVersion "1"]
[SourceVersionDate "2023.10.19"]
[SourceQuality "1"]
[WhiteTeam "Vereinigte Staaten"]
[BlackTeam "Deutschland"]
[WhiteTeamCountry "USA"]
[BlackTeamCountry "GER"]

1. d4 d5 2. c4 e5 3. Nf3 e4 4. Ne5 c6 5. Nc3 Ne7 6. cxd5 Nxd5 7. Nxd5 cxd5 8. e3 Bb4+ 9. Bd2 Bxd2+ 10. Qxd2 0-0 11. Be2 Be6 12. 0-0 Nd7 13. Nxd7 Qxd7 14. Rac1 Rfe8 15. Rc8 Raxc8 16. Rc1 a6 17. f3 f5 18. Kf2 Rxc1 19. Qxc1 Kf7 1/2-1/2

[Event "TH-S-1093"]
[Site "IECC email"]
[Date "2018.11.04"]
[Round "?"]
[White "Nilsson, Bjoern"]
[Black "Beatty, Vincent"]
[Result "0-1"]
[WhiteElo "816"]
[BlackElo "1114"]
[PlyCount "70"]
[EventDate "2018.??.??"]
[EventType "tourn (corr)"]
[SourceTitle "Corr 2020"]
[Source "ChessBase"]
[SourceDate "2019.09.30"]
[SourceVersion "1"]
[SourceVersionDate "2019.09.30"]
[SourceQuality "1"]
[WhiteTeam "Sweden"]
[BlackTeam "United States"]
[WhiteTeamCountry "SWE"]
[BlackTeamCountry "USA"]

1. e4 e5 2. Qh5 Nc6 3. Bc4 g6 4. Qe2 Nd4 5. Qd1 Nf6 6. c3 Nc6 7. b4 Nxe4 8. Qf3 Nf6 9. b5 e4 10. Qf4 Bd6 11. Qe3 Ne5 12. Ba3 Nxc4 13. Qd4 Bxa3 14. Qxc4 d5 15. Qd4 Be7 16. a4 0-0 17. Ne2 Qd6 18. 0-0 Ng4 19. g3 Bf6 20. Qb4 Qxb4 21. cxb4 Bxa1 22. h3 Nf6 23. Na3 Be5 24. Nc2 Bxh3 25. Kh2 Bxf1 26. Nc1 Ng4+ 27. Kh1 Bc4 28. Na3 Nxf2+ 29. Kg2 Nd3 30. Nxd3 Bxd3 31. a5 Bd6 32. b6 axb6 33. axb6 Rxa3 34. Kf2 Bc4 35. Ke1 Bxg3+ 0-1

[Event "IECC O-4534"]
[Site "IECC email"]
[Date "2017.05.23"]
[Round "?"]
[White "Beatty, Vincent"]
[Black "Mitchell, T T"]
[Result "1-0"]
[WhiteElo "1121"]
[BlackElo "1030"]
[PlyCount "53"]
[EventDate "2017.??.??"]
[EventType "swiss (corr)"]
[EventRounds "2"]
[SourceTitle "Corr 2020"]
[Source "ChessBase"]
[SourceDate "2019.09.30"]
[SourceVersion "1"]
[SourceVersionDate "2019.09.30"]
[SourceQuality "1"]
[WhiteTeam "United States"]
[BlackTeam "United States"]
[WhiteTeamCountry "USA"]
[BlackTeamCountry "USA"]

1. Nf3 d5 2. e3 e6 3. d4 f6 4. Bb5+ c6 5. Be2 Bd6 6. c3 Ne7 7. 0-0 0-0 8. Nbd2 b5 9. b4 a6 10. a4 Bb7 11. e4 Ng6 12. g3 Nd7 13. Bd3 dxe4 14. Nxe4 Be7 15. Re1 bxa4 16. Qxa4 Rf7 17. Nc5 Nxc5 18. bxc5 f5 19. Rxe6 Nf8 20. Re1 Kh8 21. Ne5 Rf6 22. Bg5 Qe8 23. Bxf6 gxf6 24. Nf3 Qh5 25. Qd1 Nd7 26. Rxe7 Rd8 27. Be2 1-0

[Event "IECC O-3965"]
[Site "IECC email"]
[Date "2014.12.12"]
[Round "?"]
[White "Beatty, Vincent"]
[Black "Boone, Donald Loyd"]
[Result "1-0"]
[WhiteElo "1153"]
[BlackElo "1000"]
[PlyCount "49"]
[EventDate "2014.??.??"]
[EventType "swiss (corr)"]
[EventRounds "2"]
[SourceTitle "Corr 2020"]
[Source "ChessBase"]
[SourceDate "2019.09.30"]
[SourceVersion "1"]
[SourceVersionDate "2019.09.30"]
[SourceQuality "1"]
[WhiteTeam "United States"]
[BlackTeam "United States"]
[WhiteTeamCountry "USA"]
[BlackTeamCountry "USA"]

1. Nf3 d5 2. g3 Nf6 3. Bg2 Nc6 4. d3 e5 5. 0-0 Be7 6. Bg5 0-0 7. Bxf6 Bxf6 8. Nc3 d4 9. Ne4 Be7 10. c3 f5 11. Ned2 a5 12. cxd4 f4 13. Qb3+ Kh8 14. dxe5 fxg3 15. hxg3 Nd4 16. Nxd4 Qxd4 17. Nf3 Qb6 18. Qxb6 cxb6 19. d4 Rb8 20. d5 Bg4 21. d6 b5 22. dxe7 Rfe8 23. Rac1 Rxe7 24. Rc5 Rc7 25. Rxc7 1-0

[Event "IECC O-3341"]
[Site "IECC email"]
[Date "2011.06.13"]
[Round "?"]
[White "Beatty, Vincent"]
[Black "Lepack, Jason"]
[Result "1/2-1/2"]
[WhiteElo "1089"]
[BlackElo "1005"]
[PlyCount "30"]
[EventDate "2011.??.??"]
[EventType "swiss (corr)"]
[EventRounds "2"]
[SourceTitle "Corr 2020"]
[Source "ChessBase"]
[SourceDate "2019.09.30"]
[SourceVersion "1"]
[SourceVersionDate "2019.09.30"]
[SourceQuality "1"]
[WhiteTeam "United States"]
[BlackTeam "Canada"]
[WhiteTeamCountry "USA"]
[BlackTeamCountry "CAN"]

1. e4 e5 2. Nf3 Nc6 3. Bb5 a6 4. Bxc6 dxc6 5. d4 exd4 6. Qxd4 Qxd4 7. Nxd4 g6 8. e5 c5 9. Ne2 Bg7 10. Bf4 Ne7 11. 0-0 0-0 12. Nbc3 Bf5 13. Rac1 Nc6 14. e6 Bxe6 15. Bxc7 Rfe8 1/2-1/2

[Event "IECC O-3257"]
[Site "IECC email"]
[Date "2010.12.07"]
[Round "?"]
[White "MacDonald, Murdo"]
[Black "Beatty, Vincent"]
[Result "0-1"]
[WhiteElo "1101"]
[BlackElo "1093"]
[PlyCount "31"]
[EventDate "2010.??.??"]
[EventType "swiss (corr)"]
[EventRounds "2"]
[SourceTitle "Corr 2020"]
[Source "ChessBase"]
[SourceDate "2019.09.30"]
[SourceVersion "1"]
[SourceVersionDate "2019.09.30"]
[SourceQuality "1"]
[WhiteTeam "Scotland"]
[BlackTeam "United States"]
[WhiteTeamCountry "SCO"]
[BlackTeamCountry "USA"]

1. e4 c5 2. Nf3 d6 3. d4 Bg4 4. Be2 cxd4 5. Qxd4 Nc6 6. Qc3 Nf6 7. Ng5 Bxe2 8. Kxe2 e5 9. Qc4 d5 10. exd5 Qxd5 11. Qa4 Qxg2 12. Rd1 Bc5 13. Rf1 0-0 14. Nc3 Nd4+ 15. Kd3 Qxf1+ 16. Ke3 0-1

[Event "IECC O-3220"]
[Site "IECC email"]
[Date "2010.09.09"]
[Round "?"]
[White "Stringer Lester, Della Diane"]
[Black "Beatty, Vincent"]
[Result "1/2-1/2"]
[WhiteElo "1047"]
[BlackElo "1106"]
[PlyCount "112"]
[EventDate "2010.??.??"]
[EventType "swiss (corr)"]
[EventRounds "2"]
[SourceTitle "Telechess CBM 149"]
[Source "ChessBase"]
[SourceDate "2012.07.17"]
[SourceVersion "1"]
[SourceVersionDate "2012.07.17"]
[SourceQuality "1"]
[BlackTeam "US of America"]
[BlackTeamCountry "USA"]

1. d4 g6 2. c4 Bg7 3. e4 d6 4. Nc3 Nf6 5. f3 0-0 6. Nge2 b6 7. Bg5 Bb7 8. d5 Nbd7 9. Ng3 a5 10. Qd2 Ne5 11. Be2 c6 12. 0-0 cxd5 13. cxd5 Ned7 14. Rad1 Qc8 15. Qf4 e5 16. dxe6 fxe6 17. Qh4 Ne8 18. Bd2 Qc5+ 19. Kh1 Bf6 20. Qh6 Bg7 21. Qh4 Bf6 22. Qh6 Bg7 23. Qh4 d5 24. exd5 exd5 25. f4 Ba6 26. Rc1 Qd4 27. Rc2 Nc5 28. Nb5 Qf6 29. Qg4 Bc8 30. Qf3 Qe6 31. Bc3 Ne4 32. Nd4 Nxg3+ 33. hxg3 Bxd4 34. Bxd4 Bb7 35. Bb5 Nf6 36. Rfc1 Rac8 37. Bxf6 Rxc2 38. Rxc2 Qxf6 39. Qe2 Rd8 40. Rc7 Bc8 41. Bc6 Qd6 42. Qe5 Qxe5 43. fxe5 d4 44. Bb5 Bf5 45. Ba4 Bg4 46. Rc2 Kg7 47. Kg1 Kh6 48. Kf2 Bd1 49. Rc4 Bxa4 50. Rxa4 Kg5 51. e6 Kf6 52. Ke2 Kxe6 53. Kd3 Ke5 54. Rc4 h5 55. a4 Rd6 56. Rc7 Re6 1/2-1/2

[Event "IECC O-2698"]
[Site "IECC email"]
[Date "2007.11.25"]
[Round "?"]
[White "Beatty, Vincent"]
[Black "Hooper, Thomas Jr"]
[Result "1/2-1/2"]
[WhiteElo "1166"]
[BlackElo "1300"]
[PlyCount "57"]
[EventDate "2007.??.??"]
[EventType "swiss (corr)"]
[EventRounds "2"]
[SourceTitle "Corr 2011"]
[Source "ChessBase"]
[SourceDate "2010.08.31"]
[SourceVersion "1"]
[SourceVersionDate "2010.08.31"]
[SourceQuality "1"]
[WhiteTeam "US of America"]
[BlackTeam "South Africa"]
[WhiteTeamCountry "USA"]
[BlackTeamCountry "RSA"]

1. Nf3 d5 2. g3 Nc6 3. Bg2 Nf6 4. d4 Bf5 5. Bf4 e6 6. Nbd2 Bd6 7. Bxd6 Qxd6 8. 0-0 e5 9. dxe5 Nxe5 10. Nxe5 Qxe5 11. c3 0-0 12. Nf3 Qd6 13. Nd4 Qd7 14. Nxf5 Qxf5 15. Qb3 Rab8 16. Rad1 c6 17. c4 dxc4 18. Qxc4 Rfe8 19. Rd4 Qb5 20. Qxb5 cxb5 21. e4 Rbd8 22. Rfd1 Rxd4 23. Rxd4 g6 24. f4 b6 25. e5 Ng4 26. Bc6 Rc8 27. Rd6 b4 28. e6 Kf8 29. exf7 1/2-1/2

[Event "IECC O-1995"]
[Site "IECC email"]
[Date "2004.06.30"]
[Round "?"]
[White "Beatty, Vincent"]
[Black "Harper, Roy"]
[Result "0-1"]
[WhiteElo "1325"]
[BlackElo "1386"]
[PlyCount "22"]
[EventDate "2004.??.??"]
[EventType "swiss (corr)"]
[EventRounds "2"]
[SourceTitle "Corr 2020"]
[Source "ChessBase"]
[SourceDate "2019.09.30"]
[SourceVersion "1"]
[SourceVersionDate "2019.09.30"]
[SourceQuality "1"]
[WhiteTeam "United States"]
[BlackTeam "United States"]
[WhiteTeamCountry "USA"]
[BlackTeamCountry "USA"]

1. e4 e5 2. Nf3 Nc6 3. Bb5 a6 4. Bxc6 dxc6 5. d4 exd4 6. Qxd4 Qxd4 7. Nxd4 Bd6 8. f4 Nh6 9. e5 Bc5 10. Nf3 Bf5 11. Kd2 0-0-0+ 0-1

[Event "IECC O-1986"]
[Site "IECC email"]
[Date "2004.06.16"]
[Round "?"]
[White "Harper, Roy"]
[Black "Beatty, Vincent"]
[Result "1-0"]
[WhiteElo "1409"]
[BlackElo "1311"]
[PlyCount "85"]
[EventDate "2004.??.??"]
[EventType "swiss (corr)"]
[EventRounds "2"]
[SourceTitle "Corr 2020"]
[Source "ChessBase"]
[SourceDate "2019.09.30"]
[SourceVersion "1"]
[SourceVersionDate "2019.09.30"]
[SourceQuality "1"]
[WhiteTeam "United States"]
[BlackTeam "United States"]
[WhiteTeamCountry "USA"]
[BlackTeamCountry "USA"]

1. e4 e5 2. Nf3 Nc6 3. Bc4 Nf6 4. 0-0 Bc5 5. Nxe5 Nxe5 6. Bb3 Bb6 7. d4 Ng6 8. e5 0-0 9. exf6 Qxf6 10. Be3 d6 11. Nc3 Nh4 12. Bd5 Qg6 13. Be4 f5 14. Bd5+ Kh8 15. Ne2 Qg4 16. h3 Qh5 17. Nf4 Qxd1 18. Raxd1 g5 19. Ne6 Bxe6 20. Bxe6 f4 21. Bc1 Rae8 22. Rfe1 Kg7 23. d5 h5 24. Re4 c6 25. dxc6 bxc6 26. Rxd6 Rd8 27. Rd3 Rxd3 28. cxd3 Re8 29. b3 Kh6 30. Bc4 Rxe4 31. dxe4 Bd4 32. Kf1 Ng6 33. Bd2 Be5 34. f3 g4 35. hxg4 hxg4 36. fxg4 Kg5 37. Bf7 Ne7 38. Bb4 Ng6 39. Bxg6 Kxg6 40. Ke2 Kg5 41. Kf3 a6 42. Bd2 Bd6 43. g3 1-0

[Event "IECC O email"]
[Site "IECC email"]
[Date "2003.09.02"]
[Round "?"]
[White "Beatty, Vincent"]
[Black "Boothman, William"]
[Result "1/2-1/2"]
[WhiteElo "1427"]
[BlackElo "1578"]
[PlyCount "48"]
[EventDate "2003.??.??"]
[EventType "tourn (corr)"]
[EventRounds "6"]
[SourceTitle "Corr 2008"]
[Source "ChessBase"]
[SourceDate "2008.06.24"]
[SourceVersion "1"]
[SourceVersionDate "2008.06.24"]
[SourceQuality "1"]

1. e4 e6 2. d4 d5 3. Nc3 Nf6 4. Bg5 Bb4 5. e5 h6 6. exf6 hxg5 7. fxg7 Rg8 8. Qh5 Qf6 9. 0-0-0 Nc6 10. Nf3 Qxg7 11. Bb5 Bd7 12. Bxc6 Bxc6 13. Ne5 Bxc3 14. bxc3 Ba4 15. Rd3 Ke7 16. Rg3 f6 17. Nd3 b6 18. Qe2 Bd7 19. f4 Rae8 20. fxg5 fxg5 21. Rf1 Kd8 22. Qe5 Qe7 23. Qf6 Bb5 24. Qxe7+ Kxe7 1/2-1/2

[Event "IECC O email"]
[Site "IECC email"]
[Date "2003.06.12"]
[Round "?"]
[White "Basson, Heinrich"]
[Black "Beatty, Vincent"]
[Result "1-0"]
[WhiteElo "1470"]
[BlackElo "1462"]
[PlyCount "69"]
[EventDate "2003.??.??"]
[EventType "tourn (corr)"]
[EventRounds "6"]
[SourceTitle "Corr 2008"]
[Source "ChessBase"]
[SourceDate "2008.06.24"]
[SourceVersion "1"]
[SourceVersionDate "2008.06.24"]
[SourceQuality "1"]

1. d4 d5 2. c4 Nf6 3. Nc3 dxc4 4. Bg5 Bf5 5. e3 Ne4 6. Nxe4 Bxe4 7. Nf3 Qd5 8. Bf4 Nc6 9. Bxc7 Rc8 10. Bf4 e6 11. a3 Bxf3 12. Qxf3 Qa5+ 13. Kd1 Qa4+ 14. Kc1 c3 15. bxc3 Bxa3+ 16. Kd2 Qb3 17. Qd1 Qxd1+ 18. Rxd1 0-0 19. Bd3 Be7 20. Ra1 Ra8 21. Rhb1 b6 22. Be4 Rac8 23. Bxc6 Rxc6 24. Rxa7 Bf6 25. Rb7 h6 26. R1xb6 Rxb6 27. Rxb6 Ra8 28. Rb8+ Rxb8 29. Bxb8 Kf8 30. c4 Ke8 31. Kd3 Kd8 32. c5 Kc8 33. Bd6 Bd8 34. Kc4 Kb7 35. Kb5 1-0